[Event "Gothenburg"]
[Site "Gothenburg"]
[Date "1996.??.??"]
[Round "5"]
[White "Ziegler, Ari"]
[Black "Hellsten, Johan"]
[Result "1/2-1/2"]
[WhiteElo "2455"]
[BlackElo "2485"]
[PlyCount "94"]
[EventDate "1996.08.??"]
[EventType "tourn"]
[EventRounds "9"]
[EventCountry "SWE"]
[EventCategory "10"]
[SourceTitle "EXT 2001"]
[Source "ChessBase"]
[SourceDate "2000.11.22"]
[SourceVersion "1"]
[SourceVersionDate "2000.11.22"]
[SourceQuality "1"]

1. c4 e5 2. g3 Nf6 3. Bg2 Bc5 4. Nc3 a6 5. d3 O-O 6. Nf3 d6 7. O-O Nbd7 8. Rb1
Ba7 9. b4 Re8 10. Nd2 Nf8 11. Nb3 Ne6 12. a4 h5 13. b5 axb5 14. Nxb5 Bb8 15.
Nc3 h4 16. d4 exd4 17. Nxd4 Nxd4 18. Qxd4 hxg3 19. hxg3 Ra5 20. Rb5 c6 21. Rg5
Bc7 22. Ne4 Rae5 23. Rxe5 dxe5 24. Qxd8 Rxd8 25. Nxf6+ gxf6 26. Be3 Bf5 27. Ra1
Ba5 28. Bc5 Rd2 29. e4 Bg4 30. f3 Bc8 31. Be7 Kg7 32. c5 Bc3 33. Rf1 Ra2 34. f4
Rxa4 35. f5 Rc4 36. Kh2 Bd4 37. Rd1 Ra4 38. Rd3 Ra5 39. g4 Bd7 40. Rb3 Rb5 41.
Rd3 b6 42. Bh3 bxc5 43. g5 Rb2+ 44. Kg3 c4 45. Rd1 Rb3+ 46. Kg2 Rb2+ 47. Kg3
Rb3+ 1/2-1/2

[Event "Gothenburg"]
[Site "Gothenburg"]
[Date "1996.??.??"]
[Round "6"]
[White "Agrest, Evgenij"]
[Black "Moberg, Karl Johan"]
[Result "1/2-1/2"]
[WhiteElo "2460"]
[BlackElo "2335"]
[PlyCount "102"]
[EventDate "1996.08.??"]
[EventType "tourn"]
[EventRounds "9"]
[EventCountry "SWE"]
[EventCategory "10"]
[SourceTitle "EXT 2001"]
[Source "ChessBase"]
[SourceDate "2000.11.22"]
[SourceVersion "1"]
[SourceVersionDate "2000.11.22"]
[SourceQuality "1"]

1. d4 Nf6 2. c4 g6 3. Nc3 d5 4. cxd5 Nxd5 5. e4 Nxc3 6. bxc3 Bg7 7. Nf3 O-O 8.
Be2 c5 9. Rb1 cxd4 10. cxd4 Qa5+ 11. Bd2 Qxa2 12. O-O b6 13. Qc1 Qe6 14. Bc4
Qxe4 15. Re1 Qb7 16. Bb4 Be6 17. Rxe6 fxe6 18. Ng5 Nc6 19. Nxe6 Kh8 20. Bc3 Bf6
21. Qh6 Rf7 22. Nc5 Qc8 23. Bxf7 Qf5 24. Bxg6 Qxg6 25. Qxg6 hxg6 26. Ne6 Rc8
27. g4 Nd8 28. Nxd8 Rxd8 29. Rb4 Rc8 30. Bd2 e6 31. Be3 Kg8 32. Kg2 Rc7 33. Kf3
Rb7 34. g5 Be7 35. Ra4 b5 36. Ra6 Kf7 37. Ke2 b4 38. Kd1 Rc7 39. Bf4 Rd7 40.
Kc2 Rxd4 41. Be3 Rc4+ 42. Kb2 Bc5 43. Bxc5 Rxc5 44. Rxa7+ Kf8 45. h4 Rf5 46.
Kb3 Rxf2 47. Kxb4 Rf4+ 48. Kc5 Rxh4 49. Kd6 Rf4 50. Kxe6 Rf5 51. Ra8+ Kg7
1/2-1/2

[Event "Gothenburg"]
[Site "Gothenburg"]
[Date "1996.??.??"]
[Round "6"]
[White "Hellsten, Johan"]
[Black "Brynell, Stellan"]
[Result "1-0"]
[WhiteElo "2485"]
[BlackElo "2445"]
[PlyCount "137"]
[EventDate "1996.08.??"]
[EventType "tourn"]
[EventRounds "9"]
[EventCountry "SWE"]
[EventCategory "10"]
[SourceTitle "EXT 2001"]
[Source "ChessBase"]
[SourceDate "2000.11.22"]
[SourceVersion "1"]
[SourceVersionDate "2000.11.22"]
[SourceQuality "1"]

1. d4 Nf6 2. c4 g6 3. Nc3 Bg7 4. e4 d6 5. Nf3 O-O 6. Be2 c5 7. O-O Bg4 8. Be3
Bxf3 9. Bxf3 cxd4 10. Bxd4 Nc6 11. Be3 Nd7 12. Rc1 Nc5 13. b3 Qa5 14. Qd2 Ne6
15. Bg4 Ned4 16. Bd7 Rad8 17. Bxc6 Nxc6 18. Bh6 Qe5 19. Bxg7 Kxg7 20. Rcd1 Rc8
21. Kh1 a6 22. f4 Qc5 23. Nd5 b5 24. f5 f6 25. Nf4 Nd8 26. Qe2 g5 27. Nh5+ Kh8
28. Rd5 Qa3 29. cxb5 axb5 30. Rxb5 Nc6 31. Rd5 Nb4 32. Rd2 Rc1 33. Rxc1 Qxc1+
34. Rd1 Rc8 35. h4 Qc3 36. hxg5 fxg5 37. Qg4 h6 38. f6 exf6 39. a3 Nc2 40. Qd7
Qc7 41. Qxc7 Rxc7 42. Rc1 f5 43. exf5 d5 44. f6 Kg8 45. Ng7 Rc6 46. Nf5 Rxf6
47. Ne7+ Kf7 48. Nxd5 Rf2 49. a4 Nd4 50. b4 Ra2 51. a5 h5 52. Nc3 Ra3 53. Rd1
Nf5 54. Ne4 g4 55. Nc5 g3 56. a6 Ne3 57. Re1 Ra2 58. b5 Nxg2 59. Rf1+ Ke7 60.
Rg1 Nf4 61. Rxg3 Nd5 62. Rg6 Nc7 63. b6 Nxa6 64. b7 Nb8 65. Rg8 Nc6 66. Rc8 Kd6
67. Nb3 Nb8 68. Rxb8 Kc7 69. Ra8 1-0

[Event "Gothenburg"]
[Site "Gothenburg"]
[Date "1996.??.??"]
[Round "6"]
[White "Schneider, Lars Ake"]
[Black "Chernin, Alexander"]
[Result "0-1"]
[WhiteElo "2380"]
[BlackElo "2635"]
[PlyCount "54"]
[EventDate "1996.08.??"]
[EventType "tourn"]
[EventRounds "9"]
[EventCountry "SWE"]
[EventCategory "10"]
[SourceTitle "EXT 2001"]
[Source "ChessBase"]
[SourceDate "2000.11.22"]
[SourceVersion "1"]
[SourceVersionDate "2000.11.22"]
[SourceQuality "1"]

1. e4 d6 2. d4 Nf6 3. Nc3 g6 4. Nf3 Bg7 5. Be2 O-O 6. h3 c5 7. dxc5 Qa5 8. cxd6
Nxe4 9. dxe7 Re8 10. O-O Nxc3 11. bxc3 Qxc3 12. Qd8 Bd7 13. Bg5 h6 14. Bh4 g5
15. Bg3 Bf6 16. Bxb8 Rxd8 17. exd8=Q+ Bxd8 18. Be5 Qxc2 19. Bd1 Qg6 20. Bb3 Be6
21. Rad1 Be7 22. Rfe1 Bxb3 23. axb3 Bb4 24. Re3 Bc5 25. Red3 f6 26. Bc3 Re8 27.
b4 Bb6 0-1

[Event "Gothenburg"]
[Site "Gothenburg"]
[Date "1996.??.??"]
[Round "7"]
[White "Chernin, Alexander"]
[Black "Gdanski, Jacek"]
[Result "1-0"]
[WhiteElo "2635"]
[BlackElo "2485"]
[PlyCount "65"]
[EventDate "1996.08.??"]
[EventType "tourn"]
[EventRounds "9"]
[EventCountry "SWE"]
[EventCategory "10"]
[SourceTitle "EXT 2001"]
[Source "ChessBase"]
[SourceDate "2000.11.22"]
[SourceVersion "1"]
[SourceVersionDate "2000.11.22"]
[SourceQuality "1"]

1. d4 Nf6 2. c4 g6 3. Nc3 Bg7 4. e4 d6 5. h3 O-O 6. Bg5 c6 7. Nf3 e5 8. d5 a5
9. Nd2 Na6 10. Be2 h6 11. Be3 Nd7 12. O-O f5 13. exf5 gxf5 14. f4 Nac5 15. Kh1
Kh8 16. Nf3 Ne4 17. Nxe4 fxe4 18. Nh2 cxd5 19. Qxd5 Nf6 20. Qd2 Ng8 21. Rad1
exf4 22. Bxf4 Be6 23. b3 a4 24. Qe3 axb3 25. axb3 Ra6 26. Qxe4 Bf5 27. Qf3 Qe7
28. Bd3 Rb6 29. Bxf5 Rxf5 30. Qd3 Rf6 31. Ng4 Re6 32. Ne3 Qf6 33. Nd5 1-0

[Event "Gothenburg"]
[Site "Gothenburg"]
[Date "1996.??.??"]
[Round "7"]
[White "Shulman, Yuri"]
[Black "Hellsten, Johan"]
[Result "1-0"]
[WhiteElo "2555"]
[BlackElo "2485"]
[PlyCount "51"]
[EventDate "1996.08.??"]
[EventType "tourn"]
[EventRounds "9"]
[EventCountry "SWE"]
[EventCategory "10"]
[SourceTitle "EXT 2001"]
[Source "ChessBase"]
[SourceDate "2000.11.22"]
[SourceVersion "1"]
[SourceVersionDate "2000.11.22"]
[SourceQuality "1"]

1. d4 Nf6 2. c4 e6 3. Nc3 Bb4 4. e3 O-O 5. Nge2 Re8 6. a3 Bf8 7. d5 exd5 8.
cxd5 c5 9. Ng3 d6 10. Be2 g6 11. O-O Bg7 12. e4 a6 13. a4 Nbd7 14. h3 Rb8 15.
Qc2 h5 16. Bg5 Qe7 17. f4 Qf8 18. e5 Nh7 19. e6 f5 20. exd7 Bxd7 21. Bh4 b5 22.
axb5 axb5 23. Ra7 Bc8 24. Nxb5 Bf6 25. Bxf6 Qxf6 26. Bc4 1-0

[Event "Gothenburg"]
[Site "Gothenburg"]
[Date "1996.??.??"]
[Round "8"]
[White "Gdanski, Jacek"]
[Black "Moberg, Karl Johan"]
[Result "1/2-1/2"]
[WhiteElo "2485"]
[BlackElo "2335"]
[PlyCount "111"]
[EventDate "1996.08.??"]
[EventType "tourn"]
[EventRounds "9"]
[EventCountry "SWE"]
[EventCategory "10"]
[SourceTitle "EXT 2001"]
[Source "ChessBase"]
[SourceDate "2000.11.22"]
[SourceVersion "1"]
[SourceVersionDate "2000.11.22"]
[SourceQuality "1"]

1. e4 e5 2. Nf3 Nc6 3. Bb5 a6 4. Ba4 Nf6 5. O-O b5 6. Bb3 Bc5 7. Nxe5 Nxe5 8.
d4 Bxd4 9. Qxd4 d6 10. Qd1 O-O 11. Nc3 h6 12. Bf4 Be6 13. f3 c6 14. Bxe6 fxe6
15. Bxe5 dxe5 16. Qxd8 Rfxd8 17. Rfd1 Kf7 18. Kf2 Ke7 19. Ke3 g5 20. a4 b4 21.
Ne2 c5 22. Rxd8 Rxd8 23. b3 c4 24. a5 Nd7 25. bxc4 Nc5 26. Rb1 b3 27. Nc1 bxc2
28. Rb2 Rd4 29. Rxc2 g4 30. Rc3 gxf3 31. gxf3 Kf6 32. Nb3 Nxb3 33. Rxb3 Rxc4
34. Rb6 Rc2 35. h4 Rh2 36. Rxa6 Rxh4 37. Ra8 Rh2 38. a6 Ra2 39. a7 Kg7 40. Re8
Rxa7 41. Rxe6 Ra5 42. Kf2 h5 43. Kg3 Rb5 44. Kh4 Rb3 45. Kxh5 Rxf3 46. Kg5 Kf7
47. Rxe5 Kg7 48. Re7+ Kf8 49. Re5 Kg7 50. Rf5 Rxf5+ 51. Kxf5 Kf7 52. e5 Ke7 53.
e6 Ke8 54. Kf6 Kf8 55. e7+ Ke8 56. Ke6 1/2-1/2

[Event "Gothenburg"]
[Site "Gothenburg"]
[Date "1996.??.??"]
[Round "8"]
[White "Ziegler, Ari"]
[Black "Brynell, Stellan"]
[Result "1/2-1/2"]
[WhiteElo "2455"]
[BlackElo "2445"]
[PlyCount "107"]
[EventDate "1996.08.??"]
[EventType "tourn"]
[EventRounds "9"]
[EventCountry "SWE"]
[EventCategory "10"]
[SourceTitle "EXT 2001"]
[Source "ChessBase"]
[SourceDate "2000.11.22"]
[SourceVersion "1"]
[SourceVersionDate "2000.11.22"]
[SourceQuality "1"]

1. d4 e6 2. c4 Nf6 3. Nc3 Bb4 4. e3 c5 5. Bd3 Nc6 6. Nge2 cxd4 7. exd4 d5 8.
cxd5 exd5 9. O-O O-O 10. Bg5 Be7 11. Bc2 h6 12. Be3 Bd6 13. f3 Re8 14. Bf2 Be6
15. a3 Ne7 16. g4 Ng6 17. Qd2 Nh7 18. Bxg6 fxg6 19. Bg3 g5 20. Rae1 Bxg3 21.
Nxg3 Nf8 22. Re3 Ng6 23. Nh5 Bf7 24. Rxe8+ Qxe8 25. f4 gxf4 26. Nxf4 Qd7 27. h3
Nxf4 28. Qxf4 Re8 29. Qf3 Qe6 30. Rf2 Qd7 31. Re2 Rxe2 32. Qxe2 Qd6 33. Qf3 Qb6
34. Qf2 Qb3 35. Kh2 Qc4 36. Qe3 Qf1 37. Kg3 a5 38. h4 Qa1 39. Qf2 Qc1 40. Kh2
Be6 41. Kg3 g5 42. hxg5 hxg5 43. Kg2 Kg7 44. Qe2 Kf7 45. Qf3+ Ke7 46. Nxd5+
Bxd5 47. Qxd5 Qxb2+ 48. Kf1 Qc1+ 49. Ke2 Qc2+ 50. Ke3 Qc1+ 51. Ke4 Qf4+ 52. Kd3
Qxg4 53. Qxb7+ Qd7 54. Qxd7+ 1/2-1/2

[Event "Gothenburg"]
[Site "Gothenburg"]
[Date "1996.??.??"]
[Round "9"]
[White "Brynell, Stellan"]
[Black "Agrest, Evgenij"]
[Result "1/2-1/2"]
[WhiteElo "2445"]
[BlackElo "2460"]
[PlyCount "24"]
[EventDate "1996.08.??"]
[EventType "tourn"]
[EventRounds "9"]
[EventCountry "SWE"]
[EventCategory "10"]
[SourceTitle "EXT 2001"]
[Source "ChessBase"]
[SourceDate "2000.11.22"]
[SourceVersion "1"]
[SourceVersionDate "2000.11.22"]
[SourceQuality "1"]

1. e4 g6 2. d4 Bg7 3. Nc3 d6 4. Nf3 a6 5. a4 Nc6 6. Be3 e5 7. dxe5 Nxe5 8. Nxe5
Bxe5 9. Bc4 Be6 10. Bxe6 fxe6 11. O-O Nf6 12. Bd4 Bxd4 1/2-1/2

[Event "Gothenburg"]
[Site "Gothenburg"]
[Date "1996.??.??"]
[Round "9"]
[White "Moberg, Karl Johan"]
[Black "Hellsten, Johan"]
[Result "0-1"]
[WhiteElo "2335"]
[BlackElo "2485"]
[PlyCount "136"]
[EventDate "1996.08.??"]
[EventType "tourn"]
[EventRounds "9"]
[EventCountry "SWE"]
[EventCategory "10"]
[SourceTitle "EXT 2001"]
[Source "ChessBase"]
[SourceDate "2000.11.22"]
[SourceVersion "1"]
[SourceVersionDate "2000.11.22"]
[SourceQuality "1"]

1. e4 c5 2. Nf3 e6 3. d4 cxd4 4. Nxd4 a6 5. Bd3 Nf6 6. O-O Qc7 7. Qe2 d6 8. c4
Nbd7 9. b3 g6 10. Bb2 Bg7 11. Nc3 O-O 12. Rad1 b6 13. Bb1 Bb7 14. Nf3 Rad8 15.
Rfe1 Rfe8 16. Qd2 Ne5 17. Nxe5 dxe5 18. Qc1 Nd7 19. Ba3 Nb8 20. Rxd8 Rxd8 21.
Rd1 Nc6 22. Rxd8+ Qxd8 23. Qd1 Nd4 24. Qd3 Qh4 25. Qg3 Qh5 26. Bc1 Bxe4 27.
Bxe4 Ne2+ 28. Nxe2 Qxe2 29. Bd3 Qe1+ 30. Bf1 Qxc1 31. Qe3 Qxe3 32. fxe3 Bf8 33.
Kf2 e4 34. c5 Bxc5 35. Bxa6 f5 36. Ke2 Ba3 37. Bc4 Kf7 38. Kf2 g5 39. Ke2 Kf6
40. Kf2 Bc5 41. Ke2 Ba3 42. Bb5 g4 43. Bd7 Bd6 44. g3 Ba3 45. Kf2 h5 46. Be8
Kg5 47. Bf7 e5 48. Bd5 h4 49. Ke2 h3 50. Bc6 Bc5 51. a4 f4 52. Bxe4 Bxe3 53.
Kf1 Bc5 54. Bc6 f3 55. Be4 Kf6 56. Bb7 Ke6 57. Be4 Kd6 58. Bb7 Bb4 59. Be4 Kc5
60. Bf5 Kd4 61. Bxg4 e4 62. Kf2 Kd3 63. Bf5 Bc5+ 64. Kf1 Kd4 65. Bg4 Kc3 66.
Bxh3 e3 67. Bg4 e2+ 68. Ke1 Kd3 0-1

[Event "Gothenburg"]
[Site "Gothenburg"]
[Date "1996.??.??"]
[Round "9"]
[White "Schneider, Lars Ake"]
[Black "Gdanski, Jacek"]
[Result "0-1"]
[WhiteElo "2380"]
[BlackElo "2485"]
[PlyCount "64"]
[EventDate "1996.08.??"]
[EventType "tourn"]
[EventRounds "9"]
[EventCountry "SWE"]
[EventCategory "10"]
[SourceTitle "EXT 2001"]
[Source "ChessBase"]
[SourceDate "2000.11.22"]
[SourceVersion "1"]
[SourceVersionDate "2000.11.22"]
[SourceQuality "1"]

1. e4 e6 2. d4 d5 3. Nd2 Nf6 4. e5 Nfd7 5. c3 c5 6. f4 Nc6 7. Ndf3 Qb6 8. g3
Be7 9. Bh3 cxd4 10. cxd4 O-O 11. Kf1 Kh8 12. Kg2 f6 13. Ne2 a5 14. Rf1 Ndb8 15.
Nc3 Na6 16. a4 Nc7 17. Rf2 Bd7 18. Be3 Be8 19. Qd2 f5 20. Kg1 Qa7 21. Bf1 Qb8
22. h3 Nb4 23. g4 b5 24. b3 bxa4 25. bxa4 Qb7 26. Ne1 Rc8 27. Rg2 Na8 28. gxf5
exf5 29. Nb5 Nb6 30. Qd1 Nc4 31. Qf3 Bxb5 32. axb5 Qxb5 0-1

[Event "Gothenburg"]
[Site "Gothenburg"]
[Date "1996.??.??"]
[Round "9"]
[White "Shulman, Yuri"]
[Black "Ziegler, Ari"]
[Result "1/2-1/2"]
[WhiteElo "2555"]
[BlackElo "2455"]
[PlyCount "100"]
[EventDate "1996.08.??"]
[EventType "tourn"]
[EventRounds "9"]
[EventCountry "SWE"]
[EventCategory "10"]
[SourceTitle "EXT 2001"]
[Source "ChessBase"]
[SourceDate "2000.11.22"]
[SourceVersion "1"]
[SourceVersionDate "2000.11.22"]
[SourceQuality "1"]

1. d4 Nf6 2. c4 g6 3. Nc3 Bg7 4. e4 d6 5. Nf3 O-O 6. Be2 e5 7. Be3 Ng4 8. Bg5
f6 9. Bh4 Nc6 10. d5 Ne7 11. Nd2 Nh6 12. f3 c5 13. dxc6 bxc6 14. b4 Kh8 15. Nb3
g5 16. Bf2 f5 17. O-O Nf7 18. Qc2 h5 19. Rad1 g4 20. b5 f4 21. Bh4 Qe8 22. c5
dxc5 23. bxc6 Ng6 24. Bf2 Qe7 25. Kh1 g3 26. Nd5 Qh4 27. Bg1 Ng5 28. Bb5 Ne6
29. c7 a6 30. Bc6 Ra7 31. Nxc5 Nd4 32. Rxd4 exd4 33. Nd7 Rf7 34. Rb1 Rxc7 35.
Nxc7 Bxd7 36. Bxd7 Rxd7 37. Nd5 Kh7 38. h3 Qd8 39. Qd2 Qh8 40. a4 Be5 41. a5
Qg7 42. Rb6 Rb7 43. Qd3 Nh4 44. Qxa6 Rxb6 45. axb6 Nxf3 46. Qe2 Ng5 47. Qxh5+
Kg8 48. Qe8+ Kh7 49. Qh5+ Kg8 50. Qe8+ Kh7 1/2-1/2